Statistics for All Friends Characters

Click here to take the quiz!

General Stats

  • This quiz has been taken 4,041 times
  • The average score is 38 of 95

Answer Stats

Answer% Correct
Monica Geller
98%
Ross Geller
98%
Rachel Green
97%
Joey Tribbiani
94%
Chandler Bing
88%
Gunther
87%
Janice Gorelnik
84%
Phoebe Buffay
83%
Ben Geller
82%
Emma Geller-Green
81%
Carol Willick
80%
Judy Geller
80%
Richard Burke
80%
Mike Hannigan
79%
Susan Bunch
78%
Jack Geller
77%
Emily Waltham
74%
Ursula Buffay
74%
Frank Buffay, Jr.
72%
Amy Green
69%
Paul Stevens
68%
David
62%
Tag Jones
61%
Kathy
60%
Jill Green
59%
Julie
59%
Eric
54%
Mona
54%
Elizabeth Stevens
53%
Pete Becker
53%
Barry Farber
52%
Charlie Wheeler
52%
Alice Knight Buffay
51%
Mr Heckles
51%
Paolo
51%
Erica
49%
Bobby
47%
Chandler Buffay
47%
Nora Tyler Bing
47%
Mindy Hunter-Farber
44%
Estelle Leonard
42%
Joshua Burgin
42%
Mark Robinson
42%
Frank Buffay, Jr. Jr.
41%
Ugly Naked Guy
41%
Leonard Green
40%
Janine LaCroix
39%
Bonnie
38%
Charles Bing
35%
Eddie Manoick
35%
Leslie Buffay
35%
Gary
34%
Mr Zelner
33%
Jack Bing
32%
Mr Treeger
29%
Sandra Green
29%
Joanna
28%
Erica Bing
26%
Gavin Mitchell
26%
Danny
25%
Chloe
24%
Kate Miller
24%
Steve
24%
Parker
23%
Sophie
22%
Isaac
21%
Chip Matthews
18%
Phoebe Abbott
16%
Kim
15%
Terry
14%
Doug
13%
Stephen Waltham
13%
Molly
12%
Mr Waltham
12%
Andrea Waltham
11%
Bitsy Hannigan
11%
Jake
10%
Lauren
10%
Theodore Hannigan
10%
Stu
9%
Dr Long
8%
Russell
7%
Tony
7%
Donald Ledbetter
6%
Felicity
6%
Marie
6%
Randall
6%
Sid Goralnik
6%
The Waiter
6%
Carlos
5%
Kiki
5%
Marshall Townend
5%
Paula
5%
Clifford Burnett
4%

Score Distribution

Percentile by Number Answered

Percent of People with Each Score

Your Score History

You have not taken this quiz